Statistics for Words with only one Vowel: Y

Click here to take the quiz!

General Stats

  • This quiz has been taken 324 times
    (38 since last reset)
  • The average score is 13 of 20

Answer Stats

Hint Answer % Correct
Shed tearsCry
95%
Cook in oilFry
95%
eg. James BondSpy
95%
Free from moistureDry
89%
Move through the air with wingsFly
84%
Church songHymn
82%
One of the wise men's giftsMyrrh
79%
'Blue' upper atmosphereSky
71%
Cunning and craftySly
71%
Short-tailed, tufted-eared wild catLynx
71%
TimidlyShyly
68%
Burial place beneath a churchCrypt
66%
Juliet's "wherefore?", definedWhy
66%
Traditional folk story, or legendMyth
63%
eg. very short Equatorial AfricanPygmy
53%
Private, romantic rendezvousTryst
47%
Membranous, fluid-filled sacCyst
39%
Fluid containing white blood cellsLymph
37%
Greek female nature deityNymph
37%
Arrangement of musical sounds in timeRhythm
34%

Score Distribution

Percentile by Number Answered

Percent of People with Each Score

Your Score History

You have not taken this quiz since the last reset